[Event "ICS rated standard match"]
[Site "204.178.125.65"]
[Date "2000.08.19"]
[Round "?"]
[White "Hossa"]
[Black "josechess"]
[Result "1-0"]
[WhiteElo "2355"]
[BlackElo "2347"]
[PlyCount "77"]
[EventDate "2000.??.??"]

1. e4 c6 2. d4 d5 3. Nc3 dxe4 4. Nxe4 Bf5 5. Ng3 Bg6 6. h4 h6 7. Nf3 Nd7 8. h5
Bh7 9. Bd3 Bxd3 10. Qxd3 Ngf6 11. Bd2 e6 12. O-O-O Be7 13. Rde1 O-O 14. Kb1 c5
15. Ne4 Nxe4 16. Rxe4 Nf6 17. Reh4 Rc8 18. g4 c4 19. Qe2 Nd5 20. g5 hxg5 21.
Rg4 c3 22. Bc1 cxb2 23. Bxb2 Nc3+ 24. Bxc3 Rxc3 25. h6 gxh6 26. Rxh6 Qd5 27.
Nxg5 Bxg5 28. f4 f6 29. fxg5 fxg5 30. Rg6+ Kf7 31. R6xg5 Qc4 32. Rf4+ Ke8 33.
Qh5+ Kd7 34. Qh7+ Kd6 35. Rxf8 Qb4+ 36. Kc1 Rc7 37. Qh2+ Kc6 38. Rc5+ Kb6 39.
Qd6+ {josechess resigns} 1-0

[Event "ICS rated standard match"]
[Site "204.178.125.65"]
[Date "2000.08.19"]
[Round "?"]
[White "Falke"]
[Black "Hossa"]
[Result "1-0"]
[WhiteElo "2424"]
[BlackElo "2371"]
[PlyCount "175"]
[EventDate "2000.??.??"]

1. d4 Nf6 2. c4 e6 3. Nc3 Bb4 4. Qc2 c5 5. dxc5 O-O 6. a3 Bxc5 7. Nf3 b6 8. Bg5
Nc6 9. e3 Be7 10. Bd3 h6 11. Bxf6 Bxf6 12. O-O d6 13. Rfd1 a6 14. Be4 Bb7 15.
Rd3 Qe7 16. Rad1 Rad8 17. R3d2 g6 18. Kf1 Bg7 19. Qd3 f5 20. Bxc6 Bxc6 21. Nd4
Ba8 22. b3 Rfe8 23. Kg1 Qh4 24. a4 Rd7 25. Qf1 Be5 26. g3 Qe7 27. Qd3 Bg7 28.
e4 fxe4 29. Nxe4 Rf8 30. Re1 Rdd8 31. Nc3 Qf7 32. Re3 Rde8 33. Ne4 Bxe4 34.
Rxe4 e5 35. Nc6 Re6 36. Nb4 Rf6 37. Qd5 h5 38. Qxf7+ R8xf7 39. Nxa6 Bh6 40. Rb2
Bc1 41. Rc2 Bg5 42. Rb2 Bc1 43. Ra2 Rf3 44. Re1 Bg5 45. Rd1 Rxb3 46. Rxd6 Rb1+
47. Kg2 Kg7 48. Nb8 Be7 49. Rd5 e4 50. Nd7 h4 51. Re2 hxg3 52. hxg3 Kh8 53. Ne5
Rg7 54. Rxe4 Kh7 55. Nc6 Bf6 56. Rf4 Bc3 57. Rh4+ Kg8 58. Rd8+ Kf7 59. Rf4+ Ke6
60. Rd3 Rc1 61. Nd8+ Ke7 62. Re4+ Kf8 63. Ne6+ Kg8 64. Rd8+ Kf7 65. Rd7+ Ke8
66. Rxg7 Bxg7 67. Nxg7+ Kf7 68. Ne6 Ra1 69. c5 bxc5 70. Nxc5 Ra3 71. f4 Ra1 72.
Nd7 Kg8 73. Re6 g5 74. Rg6+ Kf7 75. Ne5+ Ke7 76. f5 Rxa4 77. f6+ Ke6 78. f7+
Kxe5 79. f8=Q Kd4 80. Rxg5 Kc3 81. Qf3+ Kb4 82. Rg4+ Kc5 83. Qf5+ Kd6 84. Rg6+
Ke7 85. Qe6+ Kd8 86. Rg8+ Kc7 87. Rg7+ Kd8 88. Qd7# {Hossa checkmated} 1-0

[Event "ICS Rated standard match"]
[Site "204.178.125.65"]
[Date "2000.08.19"]
[Round "?"]
[White "BrazilianMaster"]
[Black "Hossa"]
[Result "1-0"]
[WhiteElo "2547"]
[BlackElo "2357"]
[PlyCount "127"]
[EventDate "2000.??.??"]

1. e4 c5 2. Nf3 d6 3. Bb5+ Bd7 4. Bxd7+ Qxd7 5. c4 e5 6. Nc3 Nf6 7. d3 Be7 8.
Bg5 Nc6 9. O-O O-O 10. Bxf6 Bxf6 11. Nd5 Be7 12. Qa4 f5 13. Rfe1 fxe4 14. dxe4
Bd8 15. Rad1 Qf7 16. Re3 Nd4 17. Red3 Qg6 18. Nxd4 exd4 19. f3 Qf7 20. b4 Bb6
21. a3 Rac8 22. Qb5 Bd8 23. Rb1 b6 24. Rbd1 Bh4 25. a4 Rb8 26. Qc6 Qe6 27. a5
Rbc8 28. Qb5 Bd8 29. Qa6 Rf7 30. axb6 Bxb6 31. Rb1 Rcf8 32. Ra1 Rb8 33. b5 Rff8
34. Qa3 Qf7 35. Qc1 Rb7 36. Qg5 Rd7 37. Qg3 Qh5 38. Ra6 Qh6 39. Rd1 Qe6 40. Qg5
Rb7 41. Rd3 Rbf7 42. h3 Bd8 43. Qg3 Rd7 44. Kh2 Bb6 45. Kh1 Qf7 46. Rd1 Rdd8
47. Rc1 Qb7 48. Rca1 Rf7 49. R1a3 Qb8 50. Qg5 Re8 51. Nxb6 axb6 52. Qd5 Kf8 53.
Ra8 Qd8 54. Rxd8 Rxd8 55. Ra6 Re7 56. f4 Rf7 57. Rxb6 Rxf4 58. Rb7 Rf1+ 59. Kh2
g6 60. Qe6 Re8 61. Qd7 Rh1+ 62. Kxh1 Re7 63. Qxe7+ Kg8 64. Rb8# {
Hossa checkmated} 1-0

[Event "ICS rated standard match"]
[Site "204.178.125.65"]
[Date "2000.08.19"]
[Round "?"]
[White "Hossa"]
[Black "Yariv"]
[Result "1-0"]
[WhiteElo "2349"]
[BlackElo "2174"]
[PlyCount "87"]
[EventDate "2000.??.??"]

1. d4 d5 2. c4 e6 3. Nc3 Bb4 4. cxd5 exd5 5. Qa4+ Nc6 6. Nf3 Nge7 7. a3 Bxc3+
8. bxc3 O-O 9. e3 h6 10. Be2 Bf5 11. O-O Re8 12. Qb5 Rb8 13. Bd2 a6 14. Qb3 Qd6
15. c4 dxc4 16. Bxc4 Be6 17. Rfc1 Bxc4 18. Qxc4 Nd5 19. Qc2 Qe6 20. Rab1 Nd8
21. Ne5 f6 22. Nd3 Qd6 23. Nc5 b6 24. Nxa6 Rb7 25. Nb4 Nxb4 26. axb4 c6 27. b5
cxb5 28. Rxb5 Ne6 29. Rcb1 Reb8 30. Ba5 Rc7 31. Qb2 Rc6 32. d5 Rc5 33. dxe6
Rbc8 34. Rxb6 Qd5 35. Be1 Rc2 36. Qxc2 Rxc2 37. Rb8+ Kh7 38. e7 Rc8 39. Rxc8
Qe4 40. e8=Q Qxb1 41. g4 Qxe1+ 42. Kg2 Qe2 43. Qe4+ g6 44. Qe7# {
Yariv checkmated} 1-0

[Event "ICS rated standard match"]
[Site "204.178.125.65"]
[Date "2000.08.19"]
[Round "?"]
[White "Yariv"]
[Black "Hossa"]
[Result "0-1"]
[WhiteElo "2132"]
[BlackElo "2351"]
[PlyCount "70"]
[EventDate "2000.??.??"]

1. d4 Nf6 2. c4 c5 3. Nf3 cxd4 4. Nxd4 e5 5. Nb5 d6 6. g3 Be6 7. Bg2 Nc6 8. Nd2
Be7 9. O-O O-O 10. Nc3 Qd7 11. Re1 Bh3 12. Bh1 Ng4 13. e3 Nb4 14. Nb3 Rac8 15.
c5 Rfd8 16. a3 Na6 17. cxd6 Bxd6 18. Ne4 Qe7 19. Nxd6 Rxd6 20. Qf3 Rc2 21. Nd2
Rdxd2 22. Bxd2 Rxd2 23. Re2 e4 24. Qxg4 Bxg4 25. Rxd2 Nc5 26. Rad1 Bxd1 27.
Rxd1 Nd3 28. b4 f5 29. Bg2 Qf6 30. Bf1 Qb2 31. Bxd3 exd3 32. h4 Qc2 33. Rf1 d2
34. Kg2 d1=Q 35. Rxd1 Qxd1 {Yariv resigns} 0-1

[Event "ICS rated standard match"]
[Site "204.178.125.65"]
[Date "2000.08.19"]
[Round "?"]
[White "Hossa"]
[Black "Yariv"]
[Result "1-0"]
[WhiteElo "2353"]
[BlackElo "2105"]
[PlyCount "97"]
[EventDate "2000.??.??"]

1. d4 d5 2. c4 e6 3. Nc3 Bb4 4. cxd5 exd5 5. Qa4+ Nc6 6. a3 Bxc3+ 7. bxc3 Nge7
8. g3 O-O 9. Nf3 Bf5 10. Bg2 Be4 11. O-O a6 12. Bg5 f6 13. Bf4 b5 14. Qd1 Na5
15. Bh3 Bf5 16. Bxf5 Nxf5 17. Nd2 g5 18. e4 dxe4 19. Qg4 Ng7 20. Be3 Re8 21.
Qe2 Qd5 22. f3 exf3 23. Rxf3 f5 24. Qf2 g4 25. Rf4 Nb7 26. Re1 Nd6 27. Qf1 Re7
28. Rf2 Rae8 29. Qd3 c6 30. Rfe2 Ne4 31. c4 bxc4 32. Nxc4 Ne6 33. Nb6 Qb5 34.
Qxb5 axb5 35. d5 cxd5 36. Nxd5 Rd7 37. Nb4 Rc8 38. Rf1 Ng7 39. Bh6 Rf8 40. Nc6
Rd6 41. Ne7+ Kf7 42. Nxf5 Nxf5 43. Bxf8 Kxf8 44. Rxe4 Rd3 45. Rxf5+ Kg7 46.
Rxg4+ Kh6 47. Rf6+ Kh5 48. Rg7 Rd1+ 49. Kg2 {Yariv resigns} 1-0

[Event "ICS rated standard match"]
[Site "204.178.125.65"]
[Date "2000.08.19"]
[Round "?"]
[White "Hossa"]
[Black "chess-bomber"]
[Result "1-0"]
[WhiteElo "2355"]
[BlackElo "1983"]
[PlyCount "95"]
[EventDate "2000.??.??"]

1. d4 Nf6 2. c4 c5 3. d5 e6 4. Nc3 exd5 5. cxd5 d6 6. e4 g6 7. f4 Bg7 8. Bb5+
Nfd7 9. a4 a6 10. Bd3 Qc7 11. Nf3 O-O 12. Qe2 Re8 13. O-O Nf6 14. a5 Nbd7 15.
Ng5 Rb8 16. Bd2 b5 17. f5 c4 18. fxg6 hxg6 19. Bb1 Ne5 20. Nd1 Re7 21. Nf2 b4
22. Be3 Bd7 23. Bb6 Rxb6 24. axb6 Qxb6 25. Bc2 b3 26. Bb1 a5 27. Qd2 a4 28. Kh1
Bb5 29. Rc1 Nfd7 30. Rc3 Nc5 31. Rg3 Ned3 32. Bxd3 Nxd3 33. Nxd3 cxd3 34. Rf1
Qd4 35. Qa5 Be8 36. Qd8 Qe5 37. Ne6 Rxe6 38. dxe6 Qxe6 39. Qb8 Bxb2 40. Rxd3
Be5 41. Rdf3 Kg7 42. Qa8 b2 43. Qa7 Qa2 44. Qb8 Bc6 45. Rh3 f6 46. Qh8+ Kf7 47.
Rh7+ Ke6 48. Qg8# 1-0

[Event "ICS rated blitz match"]
[Site "204.178.125.65"]
[Date "2000.08.19"]
[Round "?"]
[White "Hossa"]
[Black "MissSilicon"]
[Result "0-1"]
[WhiteElo "2460"]
[BlackElo "2726"]
[PlyCount "96"]
[EventDate "2000.??.??"]

1. e4 e5 2. Nf3 Nc6 3. d3 Nf6 4. c3 d5 5. Nbd2 Be7 6. Be2 O-O 7. O-O Be6 8.
exd5 Nxd5 9. Ne4 f5 10. Ng3 a6 11. Re1 Nb6 12. a4 Nd7 13. b4 Bd5 14. a5 b6 15.
axb6 cxb6 16. d4 e4 17. Nd2 b5 18. Bf1 Bg5 19. Nb3 Bxc1 20. Rxc1 Qe8 21. Qc2 h5
22. Ra1 h4 23. Ne2 f4 24. Nc5 f3 25. Nc1 Nxc5 26. bxc5 Qg6 27. g3 Qg5 28. Bh3
Qh6 29. g4 Qf4 30. Na2 a5 31. Rad1 Qf7 32. Nc1 a4 33. Rd2 a3 34. Na2 Na5 35.
Nb4 Bb3 36. Qb1 Nc4 37. Rc2 a2 38. Qa1 e3 39. Rec1 Bxc2 40. Rxc2 Nd2 41. Nxa2
exf2+ 42. Kxf2 Qf4 43. Qd1 Rae8 44. Rxd2 Qxh2+ 45. Kf1 f2 46. Qb3+ Kh8 47. Qe6
Qxh3+ 48. Ke2 f1=Q# {Hossa checkmated} 0-1

[Event "ICS Rated standard match"]
[Site "204.178.125.65"]
[Date "2000.08.19"]
[Round "?"]
[White "Hossa"]
[Black "Mordecai"]
[Result "1-0"]
[WhiteElo "2358"]
[BlackElo "2048"]
[PlyCount "31"]
[EventDate "2000.??.??"]

1. e4 c5 2. Nf3 d6 3. d4 cxd4 4. Nxd4 Nf6 5. Nc3 g6 6. Be3 Bg7 7. f3 O-O 8. Bc4
Bd7 9. O-O Nc6 10. Qd2 Nxd4 11. Bxd4 Rc8 12. Bd3 Qa5 13. Qf2 Qb4 14. a3 Qa5 15.
Bxa7 Rc6 16. Bd4 {Mordecai resigns} 1-0

[Event "ICS rated blitz match"]
[Site "204.178.125.65"]
[Date "2000.08.19"]
[Round "?"]
[White "Hossa"]
[Black "Kurios"]
[Result "0-1"]
[WhiteElo "2454"]
[BlackElo "2701"]
[PlyCount "102"]
[EventDate "2000.??.??"]

1. d4 g6 2. c4 Bg7 3. Nc3 d6 4. e4 c5 5. dxc5 Bxc3+ 6. bxc3 dxc5 7. Qxd8+ Kxd8
8. Nf3 Nf6 9. Bd3 Bg4 10. Ne5 Be6 11. Rb1 Nbd7 12. Nf3 Kc8 13. h3 Rd8 14. e5
Ne8 15. Be4 Rb8 16. O-O Bxc4 17. Rd1 Bxa2 18. Rb2 Be6 19. Bf4 Nc7 20. Bg5 f6
21. exf6 exf6 22. Bf4 Nb6 23. Rxd8+ Kxd8 24. g4 Bd7 25. Kg2 Na4 26. Rc2 b5 27.
g5 f5 28. Bd3 Rb6 29. Ne5 Nd5 30. Bd2 c4 31. Bf1 f4 32. Nxd7 Kxd7 33. Be2 Nc5
34. Bf3 Rd6 35. Kf1 a5 36. Rb2 b4 37. cxb4 axb4 38. Ra2 c3 39. Bxd5 Rxd5 40.
Bxf4 b3 41. Ra8 b2 42. Rb8 Kc6 43. Ke2 Ne6 44. Bg3 c2 45. Rc8+ Kb5 46. Rb8+ Kc4
47. Rxb2 c1=Q 48. f4 Qxb2+ 49. Kf3 Nd4+ 50. Kg4 Qe2+ 51. Kh4 Nf5# {
Hossa checkmated} 0-1

[Event "ICS rated standard match"]
[Site "204.178.125.65"]
[Date "2000.08.19"]
[Round "?"]
[White "Hossa"]
[Black "megacapa"]
[Result "1-0"]
[WhiteElo "2358"]
[BlackElo "2120"]
[PlyCount "91"]
[EventDate "2000.??.??"]

1. e4 e5 2. Nf3 Nc6 3. Bb5 a6 4. Ba4 d6 5. O-O Nf6 6. Re1 Bg4 7. c3 b5 8. Bb3
Be7 9. d3 O-O 10. h3 Be6 11. Be3 Qd7 12. Nbd2 h6 13. d4 exd4 14. Nxd4 Bxb3 15.
Qxb3 Rfe8 16. Qc2 Bf8 17. Nxc6 Qxc6 18. Bd4 Nd7 19. Qd1 d5 20. Qf3 dxe4 21.
Rxe4 Rxe4 22. Nxe4 Qd5 23. Rd1 Re8 24. Be3 Qxe4 25. Qxe4 Rxe4 26. Rxd7 Bd6 27.
Rd8+ Kh7 28. Ra8 f5 29. Kf1 f4 30. Bd4 c5 31. f3 Re6 32. Bf2 Re7 33. Rxa6 Rd7
34. Rb6 b4 35. cxb4 cxb4 36. Be1 Be5 37. Rxb4 Rd1 38. a4 Ra1 39. h4 Ra2 40. b3
Ra1 41. Rc4 Ra2 42. Re4 Bd6 43. h5 Ra1 44. a5 Ra2 45. Ra4 Rxa4 46. bxa4 {
megacapa resigns} 1-0

[Event "ICS rated standard match"]
[Site "204.178.125.65"]
[Date "2000.08.19"]
[Round "?"]
[White "megacapa"]
[Black "Hossa"]
[Result "0-1"]
[WhiteElo "2114"]
[BlackElo "2364"]
[PlyCount "76"]
[EventDate "2000.??.??"]

1. e4 e5 2. Nf3 Nc6 3. Nc3 Nf6 4. Bb5 Bb4 5. O-O O-O 6. d3 Bxc3 7. bxc3 d6 8.
Bg5 Qe7 9. Re1 a6 10. Bxc6 bxc6 11. h3 Rb8 12. Rb1 Be6 13. c4 h6 14. Be3 Nd7
15. Qd2 Rxb1 16. Rxb1 f5 17. exf5 Rxf5 18. Nh2 Qd8 19. Nf1 Rf7 20. Ng3 d5 21.
cxd5 cxd5 22. d4 exd4 23. Bxd4 c5 24. Ba1 d4 25. c3 Qa5 26. Qe1 Qxa2 27. Rb2
Qd5 28. cxd4 cxd4 29. Rd2 d3 30. Qe4 Qa5 31. Rd1 Bb3 32. Qxd3 Bxd1 33. Qxd1 Nc5
34. Qc1 Nd3 35. Qc8+ Kh7 36. Bd4 Qe1+ 37. Nf1 Nc1 38. Qc2+ g6 {megacapa resigns
} 0-1

[Event "ICS rated standard match"]
[Site "204.178.125.65"]
[Date "2000.08.19"]
[Round "?"]
[White "Hossa"]
[Black "denver"]
[Result "1-0"]
[WhiteElo "2370"]
[BlackElo "2110"]
[PlyCount "61"]
[EventDate "2000.??.??"]

1. e4 e6 2. d4 d5 3. Nc3 Bb4 4. e5 c5 5. Nf3 Nc6 6. a3 Ba5 7. Bd2 cxd4 8. Nb5
Bc7 9. Bf4 Nge7 10. Nxc7+ Qxc7 11. Nxd4 Nxd4 12. Qxd4 O-O 13. Bd3 Ng6 14. Bg3
Qa5+ 15. c3 Bd7 16. f3 Bb5 17. Qc5 a6 18. Bxb5 axb5 19. O-O Rfc8 20. Qe3 Rc4
21. Rab1 Rac8 22. Rfd1 Qa4 23. b3 Qxa3 24. bxc4 Rxc4 25. Be1 b4 26. Ra1 Qb3 27.
Ra8+ Nf8 28. Qb6 g5 29. Qd8 Kg7 30. Qf6+ Kg8 31. Qxg5+ {denver resigns} 1-0

[Event "ICS rated standard match"]
[Site "204.178.125.65"]
[Date "2000.08.19"]
[Round "?"]
[White "Nimzostrong"]
[Black "Hossa"]
[Result "0-1"]
[WhiteElo "2463"]
[BlackElo "2374"]
[PlyCount "22"]
[EventDate "2000.??.??"]

1. d4 g6 2. e4 c5 3. c3 cxd4 4. cxd4 d5 5. e5 Nc6 6. Nc3 Bg7 7. f4 Nh6 8. Nf3
Bg4 9. Be2 Nf5 10. O-O Bxf3 11. Bxf3 e6 {Nimzostrong resigns} 0-1

[Event "ICS Rated standard match"]
[Site "204.178.125.65"]
[Date "2000.08.20"]
[Round "?"]
[White "Hossa"]
[Black "Esen"]
[Result "1-0"]
[WhiteElo "2394"]
[BlackElo "1945"]
[PlyCount "85"]
[EventDate "2000.??.??"]

1. e4 c6 2. d4 d5 3. Nc3 dxe4 4. Nxe4 Nf6 5. Nxf6+ exf6 6. c3 Be7 7. Bd3 O-O 8.
Qc2 g6 9. Ne2 Bg4 10. O-O Bxe2 11. Bxe2 Re8 12. Re1 Bf8 13. Qb3 Qb6 14. Qxb6
axb6 15. Bf4 Nd7 16. g3 f5 17. Kg2 b5 18. Be3 Nb6 19. a3 Nc4 20. Bxc4 bxc4 21.
Re2 b5 22. Rae1 Bg7 23. Bf4 Rxe2 24. Rxe2 Bf8 25. Re1 Rc8 26. Bg5 Kg7 27. Be7
Bxe7 28. Rxe7 Kf6 29. Ra7 Ke6 30. h4 h5 31. f4 Rd8 32. Rc7 Rd6 33. Kf1 Kf6 34.
Ra7 Ke6 35. a4 Rd7 36. Rxd7 Kxd7 37. axb5 cxb5 38. Ke2 Kc6 39. Kd1 Kb6 40. Kc2
Ka5 41. b3 Kb6 42. Kb2 Kc6 43. Ka3 {Esen resigns} 1-0

[Event "ICS rated blitz match"]
[Site "204.178.125.65"]
[Date "2000.08.20"]
[Round "?"]
[White "QueenMaxima"]
[Black "Hossa"]
[Result "1-0"]
[WhiteElo "2458"]
[BlackElo "2448"]
[PlyCount "69"]
[EventDate "2000.??.??"]

1. d4 g6 2. c4 Bg7 3. Nc3 d6 4. e4 c5 5. d5 Nf6 6. Nf3 Na6 7. h3 O-O 8. Bd3 Nb4
9. Be2 Nd7 10. O-O f5 11. exf5 Rxf5 12. Ng5 Nb6 13. a3 Na6 14. Bg4 Nxc4 15.
Bxf5 Bxf5 16. Qa4 Bd3 17. Rd1 Bxc3 18. Rxd3 Bxb2 19. Bxb2 Nb4 20. Ne6 Qc8 21.
Rf3 Nxd5 22. Qxc4 Qxe6 23. Rd1 Nc7 24. Qc3 Qe5 25. Qxe5 dxe5 26. Rd7 Ne6 27.
Rxe7 Ng5 28. Rd3 b6 29. Rdd7 Rc8 30. h4 Ne4 31. Bxe5 Nf6 32. Bxf6 Kf8 33. Rxh7
Ke8 34. Rde7+ Kf8 35. Rh8# {Hossa checkmated} 1-0

[Event "ICS rated standard match"]
[Site "204.178.125.65"]
[Date "2000.08.20"]
[Round "?"]
[White "bkrogers"]
[Black "Hossa"]
[Result "0-1"]
[WhiteElo "2100"]
[BlackElo "2396"]
[PlyCount "82"]
[EventDate "2000.??.??"]

1. d4 Nf6 2. c4 c5 3. d5 g6 4. Nc3 Bg7 5. Nf3 d6 6. Nd2 O-O 7. e4 Na6 8. Be2 e6
9. O-O Qe7 10. f4 Nd7 11. Bf3 Bd4+ 12. Kh1 Nb6 13. a4 f5 14. a5 fxe4 15. Bxe4
Nd7 16. Nb5 Nf6 17. Bf3 exd5 18. cxd5 Nb4 19. Nxd4 cxd4 20. Nc4 Bf5 21. Qxd4
Nc2 22. Qc3 Nxa1 23. Be3 Nc2 24. Bf2 Rf7 25. Rc1 Ne4 26. Bxe4 Qxe4 27. Nxd6
Qxf4 28. Nxf7 Qxc1+ 29. Bg1 Kxf7 30. Qc7+ Kg8 31. Qxb7 Rd8 32. d6 Rd7 33. Qd5+
Rf7 34. Qa8+ Kg7 35. Qc6 Qxb2 36. a6 Qe5 37. d7 Rxd7 38. Qa8 Be4 39. Qc8 Bxg2+
40. Kxg2 Qe4+ 41. Kh3 Rd3+ {bkrogers resigns} 0-1

[Event "ICS rated blitz match"]
[Site "204.178.125.65"]
[Date "2000.08.20"]
[Round "?"]
[White "inmichess"]
[Black "Hossa"]
[Result "1-0"]
[WhiteElo "2433"]
[BlackElo "2432"]
[PlyCount "141"]
[EventDate "2000.??.??"]

1. e4 e5 2. Nf3 Nc6 3. c3 Nf6 4. d4 Nxe4 5. d5 Ne7 6. Nxe5 Ng6 7. Nxg6 hxg6 8.
Nd2 Nxd2 9. Qxd2 Bd6 10. Qe2+ Qe7 11. Qxe7+ Kxe7 12. Be3 Rxh2 13. Rxh2 Bxh2 14.
g3 d6 15. Kd2 Bg4 16. Bg2 Re8 17. Rh1 Rh8 18. f3 Bf5 19. Bg1 Bxg1 20. Rxh8 Bf2
21. Rb8 Bb1 22. Rxb7 Kd7 23. g4 Kc8 24. Rb4 Bxa2 25. f4 Bc5 26. Ra4 Bb3 27. Ra1
f5 28. gxf5 gxf5 29. Rh1 Kb7 30. Rh5 g6 31. Rg5 Bg1 32. Bh3 Bh2 33. Ke3 Bxd5
34. Rxg6 Be4 35. Rg5 d5 36. Bxf5 Bxf5 37. Rxf5 Bg1+ 38. Kf3 Kc6 39. Re5 Bc5 40.
f5 Bd6 41. Re1 a5 42. Re8 Kd7 43. Ra8 Be5 44. Rxa5 c6 45. Kg4 Kc7 46. Kg5 Bd6
47. f6 Kd7 48. f7 Ke7 49. Kg6 Ke6 50. Ra6 Kd7 51. Kf6 Bf8 52. Ra7+ Kd6 53. Ra8
Be7+ 54. Kg7 d4 55. Re8 d3 56. Rxe7 Kxe7 57. f8=Q+ Kd7 58. Qf5+ Kc7 59. Qxd3 c5
60. Kf6 Kb6 61. b4 c4 62. Qd4+ Kb7 63. b5 Kb8 64. Qd8+ Kb7 65. Ke6 Ka7 66. Kd6
Kb7 67. Qc7+ Ka8 68. Qc8+ Ka7 69. Kd7 Kb6 70. Qa6+ Kc5 71. Qc6# {
Hossa checkmated} 1-0

[Event "ICS rated standard match"]
[Site "204.178.125.65"]
[Date "2000.08.20"]
[Round "?"]
[White "Hossa"]
[Black "MiddleHead"]
[Result "0-1"]
[WhiteElo "2401"]
[BlackElo "2161"]
[PlyCount "192"]
[EventDate "2000.??.??"]

1. d4 d6 2. Nf3 Nf6 3. e3 g6 4. Bb5+ c6 5. Bd3 Bg7 6. O-O O-O 7. e4 Nbd7 8. Nc3
e5 9. dxe5 dxe5 10. Bg5 Qc7 11. Qd2 Nc5 12. Bh6 Bg4 13. Ne1 Rad8 14. Qg5 Bc8
15. Bxg7 Kxg7 16. a3 Ne6 17. Qe3 b5 18. Nf3 Nd4 19. Nd2 Nh5 20. a4 b4 21. Ne2
c5 22. Nxd4 cxd4 23. Qf3 Be6 24. a5 Nf4 25. a6 Rc8 26. Rfc1 Nxd3 27. Qxd3 Bc4
28. Nxc4 Qxc4 29. Qg3 f6 30. Qg4 Rc6 31. b3 Qb5 32. Qd7+ Rf7 33. Qe8 Rfc7 34.
Re1 Rc5 35. Qxb5 Rxb5 36. Ra2 Rbc5 37. Ra4 Rxc2 38. Rxb4 Kf7 39. Rb7 Ke6 40.
Rxc7 Rxc7 41. g3 Rc3 42. Rb1 Kd6 43. Rb2 Rc6 44. Ra2 Rb6 45. Ra3 Kc5 46. Ra5+
Kb4 47. Ra1 Kc3 48. Rc1+ Kb2 49. Rc7 Rxa6 50. Kg2 Rd6 51. Kf1 a6 52. Rxh7 Kxb3
53. Rc7 a5 54. Rb7+ Kc4 55. Ke2 Ra6 56. Rc7+ Kb5 57. f4 exf4 58. gxf4 a4 59.
Rb7+ Kc4 60. Rc7+ Kb4 61. Rb7+ Kc5 62. Rc7+ Kd6 63. Rg7 a3 64. Rxg6 Kc5 65. Rg1
a2 66. Ra1 Kc4 67. Kd2 Kb3 68. Kd3 Ra4 69. e5 f5 70. h4 Kb2 71. Rxa2+ Kxa2 72.
h5 Kb3 73. h6 Ra6 74. h7 Rh6 75. Kxd4 Rxh7 76. e6 Rh1 77. Ke5 Kc4 78. e7 Re1+
79. Kf6 Kd5 80. Kf7 Rxe7+ 81. Kxe7 Ke4 82. Kf6 Kxf4 83. Kg6 Ke4 84. Kh5 f4 85.
Kg4 Ke3 86. Kh4 f3 87. Kg5 f2 88. Kf5 f1=Q+ 89. Ke5 Qf4+ 90. Kd5 Qf5+ 91. Kd6
Kd4 92. Kc6 Qe6+ 93. Kc7 Kc5 94. Kb7 Qf7+ 95. Kc8 Kc6 96. Kd8 Qd7# {
Hossa checkmated} 0-1

[Event "ICS rated standard match"]
[Site "204.178.125.65"]
[Date "2000.08.20"]
[Round "?"]
[White "psy2207"]
[Black "Hossa"]
[Result "0-1"]
[WhiteElo "2117"]
[BlackElo "2375"]
[PlyCount "60"]
[EventDate "2000.??.??"]

1. d4 Nf6 2. c4 c5 3. d5 g6 4. Nc3 Bg7 5. e4 d6 6. f4 e6 7. Nf3 exd5 8. cxd5
Nbd7 9. Bd3 O-O 10. O-O Re8 11. Re1 Nb6 12. Nd2 Ng4 13. Nf3 Bd4+ 14. Nxd4 cxd4
15. Nb5 Qh4 16. h3 Nf2 17. Qf3 Nxh3+ 18. Kf1 Bg4 19. g3 Qh5 20. Qg2 Bf3 21. Qh2
Bxe4 22. Bxe4 Rxe4 23. Qg2 Rae8 24. Bd2 Nc4 25. Bb4 Rxf4+ 26. gxf4 Re3 27. Nxd4
Nxf4 28. Qf2 Qh1+ 29. Qg1 Qh3+ 30. Kf2 Nd3# {psy2207 checkmated} 0-1

[Event "ICS rated standard match"]
[Site "204.178.125.65"]
[Date "2000.08.20"]
[Round "?"]
[White "Hossa"]
[Black "Pietro248"]
[Result "1-0"]
[WhiteElo "2381"]
[BlackElo "1968"]
[PlyCount "30"]
[EventDate "2000.??.??"]

1. d4 Nf6 2. c4 g6 3. Nc3 Bg7 4. Nf3 d6 5. e4 O-O 6. e5 dxe5 7. Nxe5 Nbd7 8.
Nxd7 Bxd7 9. Be2 Rc8 10. O-O c5 11. d5 Ne8 12. Bf4 Qa5 13. Bg5 f6 14. Bg4 Bxg4
15. Qxg4 f5 {Pietro248 resigns} 1-0

[Event "ICS rated standard match"]
[Site "204.178.125.65"]
[Date "2000.08.20"]
[Round "?"]
[White "WhiteCastles"]
[Black "Hossa"]
[Result "1-0"]
[WhiteElo "2652"]
[BlackElo "2384"]
[PlyCount "113"]
[EventDate "2000.??.??"]

1. d4 Nf6 2. c4 c5 3. d5 g6 4. Nc3 Bg7 5. e4 d6 6. Bd3 e5 7. Nf3 O-O 8. O-O a6
9. a3 b6 10. Re1 Bb7 11. b4 cxb4 12. axb4 a5 13. bxa5 Rxa5 14. Rxa5 bxa5 15.
Ba3 Na6 16. Qa4 Bc8 17. Nb5 Ne8 18. Nd2 f5 19. exf5 Bxf5 20. Bxf5 Rxf5 21. Nd4
Rf7 22. Ne6 Qe7 23. Qxa5 Nac7 24. Nxg7 Nxg7 25. Ne4 Nce8 26. Qa8 Rf8 27. Qa6
Nf5 28. c5 Qd7 29. cxd6 Nd4 30. Nc5 Qg4 31. d7 Nc7 32. Qd6 Nf3+ 33. Kh1 Qf4 34.
Qxf8+ Qxf8 35. Nb7 Qxa3 36. d8=Q+ Qf8 37. Qxf8+ Kxf8 38. d6 Ne6 39. gxf3 Ke8
40. Rxe5 Kd7 41. h4 h6 42. f4 h5 43. Nc5+ Nxc5 44. Rxc5 Kxd6 45. Rg5 Ke6 46.
Rxg6+ Kf7 47. Rg5 Kf8 48. Rxh5 Ke7 49. Rg5 Ke6 50. h5 Kd6 51. h6 Ke7 52. h7 Ke6
53. h8=Q Ke7 54. Qh3 Kf6 55. Qh6+ Kf7 56. Rg7+ Kf8 57. Qh8# 1-0

[Event "ICS rated standard match"]
[Site "204.178.125.65"]
[Date "2000.08.20"]
[Round "?"]
[White "Hossa"]
[Black "BrazilianMaster"]
[Result "0-1"]
[WhiteElo "2378"]
[BlackElo "2592"]
[PlyCount "110"]
[EventDate "2000.??.??"]

1. d4 d5 2. c4 e6 3. Nc3 Nf6 4. Bg5 Be7 5. e3 O-O 6. Qb3 dxc4 7. Bxc4 Nc6 8.
O-O-O Na5 9. Qa4 Nxc4 10. Qxc4 b6 11. d5 Bd7 12. dxe6 Bxe6 13. Rxd8 Bxc4 14.
Rxa8 Rxa8 15. Nf3 h6 16. b3 Bxb3 17. axb3 hxg5 18. Nxg5 a5 19. Kb1 Ng4 20. Nge4
Rd8 21. h3 Ne5 22. f4 Nd3 23. g4 Nb4 24. Rd1 Rxd1+ 25. Nxd1 Kf8 26. Ndc3 g6 27.
f5 gxf5 28. gxf5 Kg7 29. Kc1 c6 30. Kd2 b5 31. Kc1 Bf6 32. Kd2 Bxc3+ 33. Nxc3
Kf6 34. e4 Na6 35. Ne2 Nc5 36. Nd4 Nxe4+ 37. Kc2 a4 38. Nxc6 a3 39. b4 Kxf5 40.
Nd4+ Ke5 41. Nxb5 a2 42. Kb2 f5 43. Na7 Nc3 44. b5 f4 45. Nc6+ Ke4 46. Na5 f3
47. Nc4 Nb1 48. b6 f2 49. b7 f1=Q 50. Nd6+ Kd3 51. b8=Q Nc3 52. Qb5+ Nxb5 53.
Kxa2 Kc2 54. Nxb5 Qb1+ 55. Ka3 Qb3# 0-1

[Event "ICS rated standard match"]
[Site "204.178.125.65"]
[Date "2000.08.20"]
[Round "?"]
[White "BrazilianMaster"]
[Black "Hossa"]
[Result "1-0"]
[WhiteElo "2599"]
[BlackElo "2371"]
[PlyCount "123"]
[EventDate "2000.??.??"]

1. Nf3 Nf6 2. d4 g6 3. c4 Bg7 4. Nc3 O-O 5. e4 d6 6. Be2 e5 7. d5 Na6 8. Nd2
Kh8 9. a3 Bd7 10. Nb3 Ng8 11. O-O f5 12. exf5 Bxf5 13. Be3 Nf6 14. f3 Rf7 15.
Bd3 Bxd3 16. Qxd3 Nh5 17. Qd2 Nf4 18. g3 Nh3+ 19. Kg2 Qd7 20. Qc2 c6 21. Qe4
cxd5 22. Qxd5 Rc8 23. Nb5 Bf8 24. Nxa7 Rb8 25. Nb5 Rf6 26. Nd2 g5 27. Ne4 Rh6
28. Bxg5 Nxg5 29. Nxg5 Rf6 30. Rad1 Rd8 31. Ne4 Rh6 32. Rd2 Nb8 33. f4 Nc6 34.
Ng5 Rf6 35. fxe5 Rxf1 36. e6 Qe7 37. Kxf1 Ne5 38. Ne4 Ng4 39. Re2 Nf6 40. Qd4
Bg7 41. Nexd6 Rf8 42. Qh4 b6 43. Nf5 Nd5 44. Qg4 Nf6 45. Nxe7 Nxg4+ 46. Kg2
Bxb2 47. Nd5 Bf6 48. h3 Nh6 49. Nxf6 Nf5 50. Nd5 Rc8 51. e7 Nxe7 52. Rxe7 Rc6
53. Nbc7 h5 54. Ne6 Rxe6 55. Rxe6 Kg8 56. Re7 Kf8 57. g4 hxg4 58. hxg4 Kg8 59.
g5 b5 60. g6 Kh8 61. Nf6 bxc4 62. g7# 1-0